| 000 | 00724nam a2200133 4500 | ||
|---|---|---|---|
| 008 | 751.73 T693m | ||
| 082 |
_a751.73 _bT693m |
||
| 100 |
_aMuseo Gurvich _97210 |
||
| 245 | _amurales TTG | ||
| 260 |
_aUruguay _bMuseo Gurvich _c2007 |
||
| 300 |
_a143 p. _bil (col) _c19,5 x 21 cm |
||
| 505 |
_tPresentación _tLugar de encuentro _rMartín Gurvich _tMurales TTG _rSilvia Listur _tIntegrantes TTG _tEl arte para todos _rCecilia de Torres _tLista de murales / catalogación _tMurales _tProyectos y bocetos _tLos murales de Saint Bois _tFotos _tLos murales y su entorno _tDocumento _tUna decoración mural _rJoaquín Torres García |
||
| 650 |
_xarte contemporáneo _xpintura _xpintura mural _xUruguay _xcatálogo de exhibición _xtaller Torres-García _97211 |
||
| 999 |
_c1861 _d1861 |
||